00613nam a2200157 a 450000100100000000500170001000800410002704000250006811000570009324500800015026000750023030000190030504900090032495201050033399900170043800003163120220823125740.0110628s1948 dr 000 0 spa d aDO-SdBNPbspacBNPHU2 aBanco de Reservas de la República Dominicana9628510aBanco de Reservas de la República Dominicana :binforme anual año 1948. aCiudad Trujillo, Repúbica Dominicana :bImprenta Arte y Cine,c1948. a10p. ;c22 cm. aBNPD 0010718PDaPDbPDcCTd2011-06-28iLF1l0o p31631-10r2020-06-25w2020-06-25yLFPDZNo se presta c31123d31123